[Event "DEN-chT2 1920 Gr1"]
[Site "Denmark"]
[Date "2020.01.26"]
[Round "5"]
[White "Pallesen, Jacob"]
[Black "Andersen, Ib"]
[Result "1-0"]
[WhiteElo "2028"]
[BlackElo "2127"]
[PlyCount "95"]
[EventDate "2019.10.27"]
[EventType "team-tourn"]
[EventRounds "7"]
[EventCountry "DEN"]
[SourceTitle "EXT 2025"]
[Source "ChessBase"]
[SourceDate "2024.10.14"]
[SourceVersion "1"]
[SourceVersionDate "2024.10.14"]
[SourceQuality "1"]
[WhiteTeam "BMS II"]
[BlackTeam "Bornholm"]
[WhiteTeamCountry "DEN"]
[BlackTeamCountry "DEN"]

1. d4 d5 2. Nf3 Bf5 3. c4 e6 4. Nc3 Nc6 5. Qa4 Bb4 6. a3 Bxc3+ 7. bxc3 Nge7 8. e3 h6 9. Bd2 0-0 10. cxd5 exd5 11. c4 Be4 12. Qb3 Rb8 13. Bd3 Qd6 14. 0-0 Qg6 15. Ne1 Rfd8 16. f3 Bxd3 17. Nxd3 Qf6 18. Nf4 dxc4 19. Qxc4 Qd6 20. Bb4 Nxb4 21. axb4 a6 22. b5 axb5 23. Qxb5 c6 24. Qb3 Nf5 25. Qd3 Qf6 26. Ne2 c5 27. d5 c4 28. Qd2 b5 29. e4 Qb6+ 30. Kh1 Qe3 31. Qxe3 Nxe3 32. Rfc1 b4 33. Nd4 b3 34. Rc3 Ra8 35. Rb1 b2 36. Rxe3 Ra1 37. Ree1 Rxb1 38. Rxb1 Ra8 39. Nc2 c3 40. Kg1 f5 41. Kf2 Kf7 42. Ke3 Kf6 43. Kd4 Rc8 44. e5+ Ke7 45. f4 Kd7 46. Kd3 Rc5 47. Ne3 g6 48. Kc2 1-0

[Event "Helsingor Xtracon op"]
[Site "Helsingor"]
[Date "2019.07.20"]
[Round "1"]
[White "Jannik, Morten Emil"]
[Black "Pallesen, Jacob"]
[Result "0-1"]
[WhiteElo "1561"]
[BlackElo "2041"]
[PlyCount "42"]
[EventDate "2019.07.20"]
[EventType "swiss"]
[EventRounds "10"]
[EventCountry "DEN"]
[SourceTitle "CBM 191 Extra"]
[Source "ChessBase"]
[SourceDate "2019.09.30"]
[SourceVersion "1"]
[SourceVersionDate "2019.09.30"]
[SourceQuality "1"]

1. Nf3 d5 2. d4 Nf6 3. Bf4 e6 4. h3 c5 5. e3 Nc6 6. c3 Qb6 7. Qc2 Bd7 8. Nbd2 Rc8 9. dxc5 Bxc5 10. Nb3 Be7 11. Bd3 Nb4 12. Qd2 Nxd3+ 13. Qxd3 Ne4 14. Qd4 Qa6 15. Nfd2 Bf6 16. Be5 Nxd2 17. Nxd2 Bxe5 18. Qxe5 0-0 19. Nb3 f6 20. Qd4 Rc4 21. Nc5 Qb5 0-1

[Event "Helsingor Xtracon op"]
[Site "Helsingor"]
[Date "2018.07.25"]
[Round "6"]
[White "Pallesen, Jacob"]
[Black "Matras, Ove"]
[Result "0-1"]
[WhiteElo "2058"]
[BlackElo "1839"]
[PlyCount "58"]
[EventDate "2018.07.21"]
[EventType "swiss"]
[EventRounds "10"]
[EventCountry "DEN"]
[SourceTitle "CBM 185 Extra"]
[Source "ChessBase"]
[SourceDate "2018.07.29"]
[SourceVersion "1"]
[SourceVersionDate "2018.07.29"]
[SourceQuality "1"]

1. e4 Nf6 2. Nc3 d5 3. d4 dxe4 4. f3 exf3 5. Nxf3 Bg4 6. h3 Bxf3 7. Qxf3 c6 8. Be3 e6 9. Bd3 Be7 10. Rf1 Nbd7 11. g4 h6 12. h4 g5 13. hxg5 hxg5 14. Bxg5 Qa5 15. Bd2 0-0-0 16. g5 Ne8 17. Ne4 Qd5 18. c4 Qxd4 19. Bc3 Bb4 20. Bxb4 Ne5 21. 0-0-0 Nxf3 22. Rxf3 Rh2 23. Bc3 Qb6 24. c5 Qc7 25. Rdf1 Rd7 26. Be1 Rg2 27. Bg3 Qa5 28. Kb1 Qb4 29. Bc2 Rxc2 0-1

[Event "Helsingor Xtracon op"]
[Site "Helsingor"]
[Date "2017.07.23"]
[Round "3"]
[White "Pallesen, Jacob"]
[Black "Risting, Eivind Olav"]
[Result "1-0"]
[WhiteElo "2054"]
[BlackElo "2307"]
[PlyCount "57"]
[EventDate "2017.07.22"]
[EventType "swiss"]
[EventRounds "10"]
[EventCountry "DEN"]
[SourceTitle "CBM 179 Extra"]
[Source "ChessBase"]
[SourceDate "2017.08.23"]
[SourceVersion "1"]
[SourceVersionDate "2017.08.23"]
[SourceQuality "1"]

1. g3 e5 2. Bg2 Nc6 3. c4 Bc5 4. Nc3 d6 5. Nf3 a6 6. 0-0 Nge7 7. a3 Ba7 8. b4 0-0 9. Bb2 Bg4 10. d3 Qd7 11. Qa4 Rad8 12. e3 h6 13. b5 Nb8 14. Nd2 Qc8 15. Rfe1 Bf5 16. d4 Ng6 17. Nd5 Rfe8 18. Rac1 Nf8 19. c5 dxc5 20. dxc5 axb5 21. Qxb5 e4 22. Qc4 c6 23. Qc3 f6 24. Nxf6+ gxf6 25. Qxf6 Ne6 26. Nxe4 Rf8 27. Qxh6 Bxe4 28. Bxe4 Qd7 29. Bg6 1-0

[Event "Helsingor Xtracon op"]
[Site "Helsingor"]
[Date "2016.07.30"]
[Round "9"]
[White "Pallesen, Jacob"]
[Black "Thybo, Thomas Sondergaard"]
[Result "1/2-1/2"]
[WhiteElo "2026"]
[BlackElo "1886"]
[PlyCount "75"]
[EventDate "2016.07.23"]
[EventType "swiss"]
[EventRounds "10"]
[EventCountry "DEN"]
[SourceTitle "CBM 173 Extra"]
[Source "ChessBase"]
[SourceDate "2016.08.29"]
[SourceVersion "1"]
[SourceVersionDate "2016.08.29"]
[SourceQuality "1"]

1. e4 g6 2. d4 Bg7 3. Nf3 d6 4. Bc4 Nf6 5. Qe2 c5 6. e5 dxe5 7. dxe5 Nd5 8. 0-0 e6 9. Rd1 0-0 10. Bg5 Qb6 11. Nc3 Nxc3 12. bxc3 Nd7 13. Be7 Re8 14. Bd6 a6 15. a4 Qa5 16. Qe3 Bf8 17. Bxf8 Nxf8 18. Ng5 Bd7 19. Ne4 Red8 20. Nd6 Bc6 21. h4 h5 22. g4 hxg4 23. Be2 Nd7 24. Bxg4 Kg7 25. Qf4 Rf8 26. h5 Qxc3 27. Nc4 b5 28. axb5 axb5 29. Rxa8 Rxa8 30. Rxd7 Ra1+ 31. Rd1 Rxd1+ 32. Bxd1 Qe1+ 33. Kh2 Qh1+ 34. Kg3 Qg2+ 35. Kh4 Qh1+ 36. Kg3 Qg2+ 37. Kh4 Qh1+ 38. Kg3 1/2-1/2

[Event "Helsingor Xtracon op"]
[Site "Helsingor"]
[Date "2016.07.29"]
[Round "8"]
[White "Lercel, Michal"]
[Black "Pallesen, Jacob"]
[Result "1-0"]
[WhiteElo "2265"]
[BlackElo "2026"]
[PlyCount "75"]
[EventDate "2016.07.23"]
[EventType "swiss"]
[EventRounds "10"]
[EventCountry "DEN"]
[SourceTitle "CBM 173 Extra"]
[Source "ChessBase"]
[SourceDate "2016.08.29"]
[SourceVersion "1"]
[SourceVersionDate "2016.08.29"]
[SourceQuality "1"]

1. Nf3 Nf6 2. c4 e6 3. g3 d5 4. b3 Be7 5. Bg2 0-0 6. 0-0 c5 7. Bb2 Nc6 8. e3 b6 9. Qe2 Bb7 10. Rd1 Qc7 11. Nc3 Rad8 12. Rac1 Rd7 13. d4 Qb8 14. dxc5 Bxc5 15. cxd5 Nxd5 16. Nxd5 Rxd5 17. Rxd5 exd5 18. Nh4 Ne7 19. Qg4 g6 20. b4 Bd6 21. Bf6 Rc8 22. Rd1 Rc2 23. Qg5 Qf8 24. a3 a5 25. bxa5 bxa5 26. a4 Rc4 27. Bd4 f5 28. Rb1 Bc6 29. Nf3 Rb4 30. Rxb4 axb4 31. a5 Bb5 32. Ne5 Bxe5 33. Bxe5 h6 34. Qh4 Bc4 35. Bd6 g5 36. Qd4 Nc6 37. Bxd5+ Bxd5 38. Qxd5+ 1-0

[Event "Helsingor Xtracon op"]
[Site "Helsingor"]
[Date "2016.07.24"]
[Round "3"]
[White "Pallesen, Jacob"]
[Black "Fjellengen, Bard"]
[Result "1-0"]
[WhiteElo "2026"]
[BlackElo "1764"]
[PlyCount "41"]
[EventDate "2016.07.23"]
[EventType "swiss"]
[EventRounds "10"]
[EventCountry "DEN"]
[SourceTitle "CBM 173 Extra"]
[Source "ChessBase"]
[SourceDate "2016.08.29"]
[SourceVersion "1"]
[SourceVersionDate "2016.08.29"]
[SourceQuality "1"]

1. e4 e5 2. Nf3 Nc6 3. Bb5 d6 4. d4 exd4 5. Nxd4 Bd7 6. Bxc6 bxc6 7. Nc3 Nf6 8. 0-0 Be7 9. f4 c5 10. Nf3 0-0 11. e5 Ne8 12. Be3 Rb8 13. b3 Bc6 14. Nd5 dxe5 15. Nxe7+ Qxe7 16. Nxe5 f6 17. Nxc6 Qxe3+ 18. Kh1 Rb6 19. Re1 Qc3 20. Qd5+ Kh8 21. Qf7 1-0

[Event "Copenhagen Challenge"]
[Site "Ballerup"]
[Date "2015.05.02"]
[Round "7"]
[White "Christensen, Tobias"]
[Black "Pallesen, Jacob"]
[Result "1-0"]
[WhiteElo "2359"]
[BlackElo "2067"]
[PlyCount "107"]
[EventDate "2015.04.29"]
[EventType "swiss"]
[EventRounds "9"]
[EventCountry "DEN"]
[SourceTitle "CBM 166 Extra"]
[Source "ChessBase"]
[SourceDate "2015.06.18"]
[SourceVersion "1"]
[SourceVersionDate "2015.06.18"]
[SourceQuality "1"]

1. e4 g6 2. d4 Bg7 3. Nc3 d6 4. f4 a6 5. Nf3 b5 6. Bd3 Bb7 7. 0-0 Nd7 8. Be3 Ngf6 9. e5 Nd5 10. Nxd5 Bxd5 11. a4 c6 12. b3 b4 13. Qe1 a5 14. exd6 exd6 15. Bf2+ Qe7 16. Bh4 Bf6 17. Bxf6 Nxf6 18. Qh4 Ne4 19. Qxe7+ Kxe7 20. Rae1 f5 21. Ng5 Kf6 22. Bxe4 Bxe4 23. Nxe4+ fxe4 24. Rxe4 Rhe8 25. Ree1 Re6 26. Kf2 Rae8 27. Rxe6+ Rxe6 28. d5 cxd5 29. Rd1 Re4 30. Rxd5 Rxf4+ 31. Ke3 Rf5 32. Rxd6+ Ke7 33. Ra6 Rc5 34. Kd3 Kd7 35. Ra7+ Kc6 36. Rxh7 Rd5+ 37. Ke3 Rc5 38. Kd2 Rf5 39. g4 Rf2+ 40. Kc1 Rf1+ 41. Kb2 Rg1 42. h3 Rg3 43. Rh6 Kb7 44. Rxg6 Rxh3 45. Rg5 Kb6 46. Rg6+ Kb7 47. g5 Rg3 48. Rg8 Rg2 49. g6 Rg1 50. c4 bxc3+ 51. Kxc3 Rg3+ 52. Kc4 Kc6 53. Kd4 Kd6 54. g7 1-0

[Event "Copenhagen Challenge"]
[Site "Ballerup"]
[Date "2015.05.01"]
[Round "5"]
[White "Stojanovski, Sandi"]
[Black "Pallesen, Jacob"]
[Result "1-0"]
[WhiteElo "2235"]
[BlackElo "2067"]
[PlyCount "162"]
[EventDate "2015.04.29"]
[EventType "swiss"]
[EventRounds "9"]
[EventCountry "DEN"]
[SourceTitle "CBM 166 Extra"]
[Source "ChessBase"]
[SourceDate "2015.06.18"]
[SourceVersion "1"]
[SourceVersionDate "2015.06.18"]
[SourceQuality "1"]

1. d4 g6 2. e4 Bg7 3. Nf3 d6 4. Nc3 a6 5. a4 b6 6. Be2 Bb7 7. 0-0 e6 8. Bg5 Ne7 9. Qd2 Nd7 10. Bh6 0-0 11. Bxg7 Kxg7 12. Qf4 Nc6 13. e5 Qe7 14. Ne4 d5 15. Ng3 Na5 16. c3 c5 17. dxc5 bxc5 18. b4 Nb3 19. Rab1 c4 20. Nd4 Nxd4 21. Qxd4 Bc6 22. Bd1 Qd8 23. f4 Nb6 24. Ra1 Rb8 25. Bc2 Qe8 26. a5 Nd7 27. Rae1 Kg8 28. Re3 f5 29. exf6 Qf7 30. Ne2 Nxf6 31. Qd2 Ng4 32. Rg3 Nh6 33. Nd4 Bd7 34. Rgf3 Qf6 35. h3 Nf7 36. Re1 Nd6 37. Kh2 Nb5 38. Nxb5 Bxb5 39. Qe3 Rbe8 40. Qe5 Qxe5 41. Rxe5 Bd7 42. Re1 Rf7 43. Kg3 Ref8 44. Rd1 Kg7 45. Rd4 h6 46. h4 Re7 47. Re3 Ref7 48. Re5 Rf6 49. Kf3 Kh8 50. Ke3 Kg7 51. g3 Kh8 52. Rd1 Kg7 53. Kd4 Rc8 54. Ra1 Kf7 55. Ba4 Ke7 56. Bc2 Kd6 57. Rh1 Rg8 58. Ke3 Rf7 59. g4 Rfg7 60. Bd1 g5 61. hxg5 hxg5 62. Rxg5 Rxg5 63. fxg5 Rxg5 64. Rh6 Re5+ 65. Kd2 Be8 66. Bf3 Ke7 67. Rh1 Kf6 68. Rf1 Kg5 69. Be2 Re4 70. Rf8 Bb5 71. Bf3 Rf4 72. Rg8+ Kh6 73. Ke3 Rf7 74. Be2 Kh7 75. Rg5 Kh6 76. Rg8 Kh7 77. Rg5 Kh6 78. Rh5+ Kg7 79. Rh2 Kg6 80. Rh1 Kg5 81. Bd1 Kf6 1-0

[Event "Politiken Cup 36th"]
[Site "Helsingor"]
[Date "2014.07.28"]
[Round "9"]
[White "Pallesen, Jacob"]
[Black "Riis, Jens"]
[Result "0-1"]
[WhiteElo "2031"]
[BlackElo "2172"]
[PlyCount "96"]
[EventDate "2014.07.21"]
[EventType "swiss"]
[EventRounds "10"]
[EventCountry "DEN"]
[SourceTitle "CBM 161 Extra"]
[Source "ChessBase"]
[SourceDate "2014.08.29"]
[SourceVersion "1"]
[SourceVersionDate "2014.08.29"]
[SourceQuality "1"]

1. d4 Nf6 2. Nf3 c5 3. d5 d6 4. Nc3 e5 5. e4 Be7 6. Bb5+ Nbd7 7. a4 0-0 8. 0-0 a6 9. Be2 Ne8 10. Nd2 g6 11. Nc4 Bg5 12. g3 f5 13. f4 Bf6 14. exf5 gxf5 15. fxe5 Nxe5 16. Bf4 Ng6 17. Bd2 b6 18. Bd3 Rb8 19. a5 b5 20. Nb6 Bd4+ 21. Kh1 Rxb6 22. axb6 Qxb6 23. Qh5 Ng7 24. Qg5 c4 25. Be2 Bb7 26. Bf3 Qc5 27. Rae1 b4 28. Ne2 Bf6 29. Qh6 Bxd5 30. Bxd5+ Qxd5+ 31. Kg1 a5 32. c3 b3 33. Bf4 Ne5 34. Bxe5 dxe5 35. Rd1 Qc5+ 36. Kg2 Qc6+ 37. Kh3 Qe4 38. Ng1 Ne6 39. Nf3 Qc6 40. Qe3 f4 41. Qa7 e4 42. Nd4 Bxd4 43. cxd4 Ng5+ 44. Kg4 Qe6+ 45. Kxg5 Rf5+ 46. Kg4 Rf7+ 47. Kh4 Qh6+ 48. Kg4 Rxa7 0-1

[Event "Politiken Cup 36th"]
[Site "Helsingor"]
[Date "2014.07.25"]
[Round "6"]
[White "Eriksson, Christian Altenburg"]
[Black "Pallesen, Jacob"]
[Result "1/2-1/2"]
[WhiteElo "2153"]
[BlackElo "2031"]
[PlyCount "132"]
[EventDate "2014.07.21"]
[EventType "swiss"]
[EventRounds "10"]
[EventCountry "DEN"]
[SourceTitle "CBM 161 Extra"]
[Source "ChessBase"]
[SourceDate "2014.08.29"]
[SourceVersion "1"]
[SourceVersionDate "2014.08.29"]
[SourceQuality "1"]

1. e4 g6 2. d4 Bg7 3. Nf3 c6 4. Nc3 d5 5. h3 dxe4 6. Nxe4 Bf5 7. Ng3 Nf6 8. Bc4 Nbd7 9. c3 Nb6 10. Bb3 Bd7 11. 0-0 0-0 12. Ne5 Rc8 13. f4 e6 14. Qf3 Nbd5 15. c4 Ne7 16. Bd2 Qb6 17. Rad1 Rfd8 18. c5 Qc7 19. f5 gxf5 20. Bg5 Be8 21. Nc4 Rd7 22. Bf4 Qd8 23. Nd6 Ra8 24. Be5 Nc8 25. Nc4 Ne7 26. Bc2 Ng6 27. Bd6 Bh6 28. Nh5 Nxh5 29. Qxh5 Qg5 30. Qf3 f6 31. Rde1 Bf7 32. b3 Kh8 33. Qf2 Rg8 34. Re2 Nh4 35. Kh2 Bh5 36. g4 fxg4 37. Qxf6+ Qxf6 38. Rxf6 Nf3+ 39. Rxf3 gxf3 40. Rf2 Rxd6 41. cxd6 Bf4+ 42. Kh1 Bg3 43. Rf1 Rd8 44. Be4 Bxd6 45. Bxf3 Bxf3+ 46. Rxf3 Kg7 47. Re3 Kf6 48. Re4 Bc7 49. Rh4 Rd7 50. Kg2 Bb6 51. Nxb6 axb6 52. Kf3 c5 53. dxc5 bxc5 54. Rh6+ Ke5 55. Ke3 b5 56. Rh5+ Kd6 57. Ke4 Ra7 58. Kd3 e5 59. Ke4 c4 60. bxc4 bxc4 61. Rxe5 c3 62. Rd5+ Kc6 63. Rd4 Kb5 64. Kd3 Rxa2 65. Rh4 c2 66. Kd2 c1Q+ 1/2-1/2

[Event "Copenhagen Challenge"]
[Site "Ballerup"]
[Date "2014.05.15"]
[Round "3"]
[White "Pallesen, Jacob"]
[Black "Jorgensen, Dennis"]
[Result "1/2-1/2"]
[WhiteElo "2029"]
[BlackElo "2231"]
[PlyCount "48"]
[EventDate "2014.05.14"]
[EventType "swiss"]
[EventRounds "9"]
[EventCountry "DEN"]
[SourceTitle "CBM 160 Extra"]
[Source "ChessBase"]
[SourceDate "2014.07.01"]
[SourceVersion "1"]
[SourceVersionDate "2014.07.01"]
[SourceQuality "1"]

1. d4 Nf6 2. c4 e6 3. Nc3 Bb4 4. e3 0-0 5. Bd3 c5 6. Nge2 d5 7. a3 Bxc3+ 8. Nxc3 dxc4 9. Bxc4 Nbd7 10. 0-0 a6 11. dxc5 Nxc5 12. b4 Ncd7 13. Bb2 b5 14. Be2 Bb7 15. a4 bxa4 16. Nxa4 Qb8 17. Bxf6 Nxf6 18. Nc5 Bc6 19. Rxa6 Rxa6 20. Nxa6 Qb7 21. Qd4 Bxg2 22. Nc5 Qd5 23. Qxd5 Bxd5 24. f3 Rc8 1/2-1/2

[Event "Politiken Cup 34th"]
[Site "Helsingor"]
[Date "2012.07.29"]
[Round "2"]
[White "Pallesen, Jacob"]
[Black "Karlsson, Jorgen"]
[Result "1-0"]
[WhiteElo "1975"]
[BlackElo "2163"]
[PlyCount "91"]
[EventDate "2012.07.28"]
[EventType "swiss"]
[EventRounds "10"]
[EventCountry "DEN"]
[SourceTitle "CBM 149 Extra"]
[Source "ChessBase"]
[SourceDate "2012.08.24"]
[SourceVersion "1"]
[SourceVersionDate "2012.08.24"]
[SourceQuality "1"]

1. e4 d6 2. d4 Nf6 3. Nc3 g6 4. Be2 Bg7 5. g4 Nfd7 6. Be3 c5 7. Nf3 Nc6 8. d5 Ncb8 9. Qd2 h6 10. h4 Qa5 11. Nh2 a6 12. f4 b5 13. h5 Qb4 14. Rb1 Nf8 15. a3 Qa5 16. Nd1 Qxd2+ 17. Kxd2 Nbd7 18. Nf2 Bb7 19. Bf3 0-0-0 20. Nf1 c4 21. Ng3 e6 22. dxe6 fxe6 23. hxg6 Nxg6 24. Nh5 Bf8 25. Bd4 e5 26. Bc3 Rg8 27. f5 Ne7 28. Ba5 Nc6 29. Bxd8 Kxd8 30. c3 Na5 31. Rh2 Nb3+ 32. Ke2 Kc7 33. Rg2 Be7 34. Nh3 Nbc5 35. Ke3 a5 36. Rbg1 Nb6 37. g5 Bf8 38. g6 d5 39. Nf6 d4+ 40. cxd4 exd4+ 41. Ke2 c3 42. bxc3 d3+ 43. Kf2 Nc4 44. Nxg8 d2 45. Nf4 Bd6 46. Ne6+ 1-0

[Event "Copenhagen Challenge"]
[Site "Ballerup"]
[Date "2012.05.05"]
[Round "6"]
[White "Pallesen, Jacob"]
[Black "Matthiesen, Martin"]
[Result "0-1"]
[WhiteElo "1985"]
[BlackElo "2310"]
[PlyCount "44"]
[EventDate "2012.05.02"]
[EventType "swiss"]
[EventRounds "9"]
[EventCountry "DEN"]
[SourceTitle "CBM 148 Extra"]
[Source "ChessBase"]
[SourceDate "2012.06.22"]
[SourceVersion "1"]
[SourceVersionDate "2012.06.22"]
[SourceQuality "1"]

1. d4 Nf6 2. c4 g6 3. Nc3 Bg7 4. e4 d6 5. Nf3 0-0 6. Be2 e5 7. 0-0 Nc6 8. d5 Ne7 9. b4 Nh5 10. Re1 a5 11. Ba3 Nf4 12. Bf1 Bg4 13. c5 f5 14. cxd6 cxd6 15. b5 Rc8 16. Rc1 Bh6 17. Qb3 Nh3+ 18. Kh1 Nxf2+ 19. Kg1 Qb6 20. Na4 Nh3+ 21. Kh1 Qg1+ 22. Nxg1 Nf2# 0-1

[Event "Copenhagen Challenge"]
[Site "Ballerup"]
[Date "2012.05.03"]
[Round "2"]
[White "Pallesen, Jacob"]
[Black "Teplyi, Igor"]
[Result "0-1"]
[WhiteElo "1985"]
[BlackElo "2388"]
[PlyCount "68"]
[EventDate "2012.05.02"]
[EventType "swiss"]
[EventRounds "9"]
[EventCountry "DEN"]
[SourceTitle "CBM 148 Extra"]
[Source "ChessBase"]
[SourceDate "2012.06.22"]
[SourceVersion "1"]
[SourceVersionDate "2012.06.22"]
[SourceQuality "1"]

1. d4 Nf6 2. Nf3 g6 3. c4 Bg7 4. Nc3 d5 5. cxd5 Nxd5 6. Qb3 Nxc3 7. bxc3 c5 8. e3 0-0 9. Be2 Nc6 10. 0-0 b6 11. a4 Be6 12. Qb1 Na5 13. Nd2 Rc8 14. Ba3 Bf5 15. Bd3 Bxd3 16. Qxd3 Qd7 17. Qb5 Rfd8 18. Nf3 Nb7 19. Rac1 Nd6 20. Qxd7 Rxd7 21. Bb2 Rdc7 22. Nd2 cxd4 23. exd4 e5 24. Nf3 Nc4 25. Ba1 e4 26. Nh4 Nd2 27. Rfd1 Nb3 28. Rb1 Nxa1 29. Rxa1 Rxc3 30. g3 R3c4 31. Ng2 Bxd4 32. Ra2 Rc1 33. Rad2 Rxd1+ 34. Rxd1 Rc4 0-1

[Event "Copenhagen Challenge"]
[Site "Ballerup"]
[Date "2010.??.??"]
[Round "5"]
[White "Eriksson, Christian Altenburg"]
[Black "Pallesen, Jacob"]
[Result "1-0"]
[WhiteElo "2155"]
[BlackElo "2028"]
[PlyCount "47"]
[EventDate "2010.04.28"]
[EventType "swiss"]
[EventRounds "9"]
[EventCountry "DEN"]
[SourceTitle "EXT 2018"]
[Source "ChessBase"]
[SourceDate "2017.10.13"]
[SourceVersion "1"]
[SourceVersionDate "2017.10.13"]
[SourceQuality "1"]

1. e4 c5 2. c3 Nf6 3. e5 Nd5 4. d4 cxd4 5. Nf3 Nc6 6. cxd4 e6 7. Bc4 Nb6 8. Bb3 d6 9. Qe2 d5 10. 0-0 Bd7 11. Nc3 a6 12. a3 Rc8 13. Rd1 Na5 14. Bc2 Nac4 15. h4 Nxa3 16. Bd3 Nac4 17. Ng5 h6 18. Qh5 hxg5 19. Qxh8 gxh4 20. b3 Nxe5 21. Ba3 Bb5 22. Qxf8+ Kd7 23. Qd6+ Ke8 24. Bxb5+ 1-0

[Event "Copenhagen Challenge"]
[Site "Ballerup"]
[Date "2010.??.??"]
[Round "2"]
[White "Hauge, Lars Oskar"]
[Black "Pallesen, Jacob"]
[Result "0-1"]
[WhiteElo "1823"]
[BlackElo "2028"]
[PlyCount "76"]
[EventDate "2010.04.28"]
[EventType "swiss"]
[EventRounds "9"]
[EventCountry "DEN"]
[SourceTitle "EXT 2018"]
[Source "ChessBase"]
[SourceDate "2017.10.13"]
[SourceVersion "1"]
[SourceVersionDate "2017.10.13"]
[SourceQuality "1"]

1. e4 c5 2. Nf3 e6 3. d4 cxd4 4. Nxd4 a6 5. Bd3 Nc6 6. Nxc6 bxc6 7. Nc3 d5 8. 0-0 Nf6 9. e5 Nd7 10. Re1 a5 11. Qg4 Ba6 12. Qg3 Nc5 13. Bxa6 Rxa6 14. Be3 g6 15. Rad1 Qb8 16. Bd4 Nd7 17. f4 c5 18. Bf2 Qxb2 19. Rb1 Qxc2 20. Nb5 Rc6 21. Na7 Rc7 22. Nb5 Rc8 23. Na7 Rb8 24. Rxb8+ Nxb8 25. f5 gxf5 26. Nc8 Nd7 27. Qg5 h6 28. Qh5 Rg8 29. Nd6+ Bxd6 30. exd6 Rg6 31. Qh4 Nf6 32. g3 Kd7 33. Qf4 Ne4 34. Be3 d4 35. Bc1 Nxd6 36. Ba3 Qc3 37. Re5 Qxa3 38. Qf1 Rxg3+ 0-1